Possibility of adjusting the particle size of the titanium dioxide at the precipitation stage of ammonium hexafluorotitanate; International Symposium on Inorganic Fluorides: Chemistry and Technology

Bibliografski detalji
Parent link:International Symposium on Inorganic Fluorides: Chemistry and Technology.— 2014.— [P. 110]
Glavni autor: Dyachenko A. N. Alexander Nikolaevich
Autor kompanije: Национальный исследовательский Томский политехнический университет (ТПУ) Физико-технический институт (ФТИ) Кафедра химической технологии редких, рассеянных и радиоактивных элементов (№ 43) (ХТРЭ)
Daljnji autori: Dubov A. G. Aleksandr Georgievich
Sažetak:Title screen.
Jezik:engleski
Izdano: 2014
Teme:
Online pristup:http://www.lib.tpu.ru/fulltext/c/2014/C75/064.pdf
Format: MixedMaterials Elektronički Poglavlje knjige
KOHA link:https://koha.lib.tpu.ru/cgi-bin/koha/opac-detail.pl?biblionumber=608012

MARC

LEADER 00000naa2a2200000 4500
001 608012
005 20260317090336.0
035 |a (RuTPU)RU\TPU\conf\5428 
035 |a RU\TPU\conf\5427 
090 |a 608012 
100 |a 20140911d2014 k||y0rusy50 ba 
101 0 |a eng 
102 |a RU 
135 |a drgn ---uucaa 
181 0 |a i  
182 0 |a b 
200 1 |a Possibility of adjusting the particle size of the titanium dioxide at the precipitation stage of ammonium hexafluorotitanate  |f A. N. Dyachenko, A. G. Dubov 
203 |a Текст  |c электронный 
300 |a Title screen. 
320 |a [Ref.: p. 110 (1 tit.)] 
337 |a Adobe Reader 
463 1 |0 (RuTPU)RU\TPU\conf\5052  |t International Symposium on Inorganic Fluorides: Chemistry and Technology  |o book of abstracts, 2-6 June 2014, Tomsk  |f National Research Tomsk Polytechnic University (TPU) ; edit. V. N. Mitkin; R. V. Ostvald  |v [P. 110]  |d 2014 
610 1 |a электронный ресурс 
610 1 |a труды учёных ТПУ 
610 1 |a размеры 
610 1 |a частицы 
610 1 |a диоксид титана 
610 1 |a осаждение 
610 1 |a гексафтортитанат аммония 
700 1 |a Dyachenko  |b A. N.  |c chemist-technologist  |c Professor of Tomsk Polytechnic University, Doctor of technical sciences  |f 1977-  |g Alexander Nikolaevich  |3 (RuTPU)RU\TPU\pers\32666 
701 1 |a Dubov  |b A. G.  |c chemist-technologist  |c Head of the laboratory of Tomsk Polytechnic University  |f 1959-  |g Aleksandr Georgievich  |3 (RuTPU)RU\TPU\pers\32664 
712 0 2 |a Национальный исследовательский Томский политехнический университет (ТПУ)  |b Физико-технический институт (ФТИ)  |b Кафедра химической технологии редких, рассеянных и радиоактивных элементов (№ 43) (ХТРЭ)  |3 (RuTPU)RU\TPU\col\18733 
801 1 |a RU  |b 63413507  |c 20101016 
801 2 |a RU  |b 63413507  |c 20160218  |g RCR 
856 4 |u http://www.lib.tpu.ru/fulltext/c/2014/C75/064.pdf 
942 |c BK